| 000 | 01622cam a22003854a 4500 | ||
|---|---|---|---|
| 001 | 13574765 | ||
| 005 | 20170105102921.0 | ||
| 008 | 040427s2004 dcu b 001 0 eng | ||
| 010 | _a 2004009951 | ||
| 020 | _a0965513947 (alk. paper) | ||
| 040 |
_aDLC _cDLC _dDLC |
||
| 042 | _apcc | ||
| 043 | _an-us--- | ||
| 050 | 0 | 0 |
_aHV6432 _b.I47 2004 |
| 082 | 0 | 0 |
_a973.931 _222 |
| 100 | 1 | _aScheuer, Michael. | |
| 245 | 1 | 0 |
_aImperial hubris : _bwhy the West is losing the war on terror / _cAnonymous. |
| 250 | _a1st ed. | ||
| 260 |
_aWashington, D.C. : _bBrassey's, _cc2004. |
||
| 300 |
_axxi, 306 p. ; _c24 cm. |
||
| 500 | _aBy Michael Scheuer. | ||
| 504 | _aIncludes bibliographical references (p. 291-298) and index. | ||
| 505 | 0 | _aSome thoughts on the power of focused, principled hatred -- An unprepared and ignorant lunge to defeat--the United States in Afghanistan -- Not down, not out -- The world's view of Bin Laden -- Bin Laden views the world -- Blinding hubris abounding -- When the enemy sets the stage -- The way ahead. | |
| 600 | 1 | 0 |
_aBin Laden, Osama, _d1957-2011. |
| 610 | 2 | 0 | _aQaida (Organization) |
| 650 | 0 | _aWar on Terrorism, 2001-2009. | |
| 650 | 0 | _aJihad. | |
| 650 | 0 |
_aTerrorism _xGovernment policy _zUnited States. |
|
| 651 | 0 |
_aUnited States _xForeign relations _y21st century. |
|
| 710 | 2 | _aBrassey's (Firm) | |
| 856 | 4 | 1 |
_3Table of contents _uhttp://www.loc.gov/catdir/toc/ecip0417/2004009951.html |
| 906 |
_a7 _bcbc _corignew _d1 _eecip _f20 _gy-gencatlg |
||
| 942 |
_2ddc _cBK |
||
| 999 |
_c15582 _d15582 |
||